00266nam a22000977a 4500008004100000020001400041082002100055245005200076260002800128300001200156230623b xxu||||| |||| 00| 0 eng d a043532135 a330.96bBRE 1974 aColonialism and Underdevelopment in East Africa aLondonbHeinemannc1974 aXV,330p